Statistiques concernant Chansons de Merlin l'enchanteur

Cliquez ici pour prendre le quiz!

Statistiques générales

  • Ce quiz a été pris 6 fois
  • Le résultat moyen est 2 sur 6

Statistiques - réponses

Personnage(s)IndicesChansons% Correct
MerlinFormule magique (pour faire sa valise)Higitus Figitus
83%
Merlin et Moustique (Arthur)Apprendre à nagerC'est Ce Qui Fait Que Tout Tourne Rond
33%
SolisteLors de l'ouverture du livre qui raconte cette histoireLa Légende d'Excalibur / L'Épée dans l'Enclume
33%
Madame MimLa sorcière malfaisante (et sa formule)Zim zam ba rim bim / Ma Madame Mim
33%
MerlinTransformés en écureuil, l'Amour c'est ...La Chose la plus compliquée
0%
Hector et PélimoreArthur a sorti l'épée de l'enclumePour notre roi
0%

Distribution des résultats

Percentile par nombre de réponses

% des personnes avec chaque résultat

Votre développement - résultats

Vous n’avez pas pris ce quiz